Statistics for Smallest number by Length in Roman Numerals

Click here to take the quiz!

General Stats

  • This quiz has been taken 84 times
  • The average score is 9 of 13

Answer Stats

L#% Correct
11 I
100%
22 II
100%
33 III
98%
48 VIII
83%
518 XVIII
73%
628 XXVIII
72%
738 XXXVIII
68%
888 LXXXVIII
62%
9188 CLXXXVIII
55%
10288 CCLXXXVIII
52%
11388 CCCLXXXVIII
50%
12888 DCCCLXXXVIII
50%
131888 MDCCCLXXXVIII
48%

Score Distribution

Percentile by Number Answered

Percent of People with Each Score

Your Score History

You have not taken this quiz